[Event "COL-ch"]
[Site "Medellin"]
[Date "2001.??.??"]
[Round "4"]
[White "Araque, Rafael"]
[Black "Calvajar, Nolberto"]
[Result "1/2-1/2"]
[WhiteElo "2343"]
[BlackElo "2419"]
[PlyCount "52"]
[EventDate "2001.??.??"]
[EventType "swiss"]
[EventRounds "9"]
[EventCountry "COL"]
[SourceTitle "EXT 2002"]
[Source "ChessBase"]
[SourceDate "2001.11.25"]
[SourceVersion "1"]
[SourceVersionDate "2001.11.25"]
[SourceQuality "1"]

1. d4 d5 2. Nf3 Nf6 3. g3 e6 4. Bg2 Be7 5. 0-0 0-0 6. c4 dxc4 7. Ne5 Nc6 8. Nxc6 bxc6 9. Qa4 Qxd4 10. Nd2 Rb8 11. Qxc6 Nd5 12. Qxc4 Qxc4 13. Nxc4 Bf6 14. Ne3 Nxe3 15. Bxe3 Ba6 16. Rfb1 Rxb2 17. Rxb2 Bxb2 18. Rb1 Bc3 19. Bf3 Ba5 20. Bxa7 Bb6 21. Bxb6 Rb8 22. Kf1 Rxb6 23. Rxb6 cxb6 24. Ke1 Kf8 25. Kd2 Ke7 26. Kc3 Kd6 1/2-1/2